Nobel prize winners: (Record no. 27186)

MARC details
000 -LEADER
fixed length control field 00933nam a22002657a 4500
005 - DATE AND TIME OF LATEST TRANSACTION
control field 2009060304244.0
008 - FIXED-LENGTH DATA ELEMENTS--GENERAL INFORMATION
fixed length control field 090216t xxu||||| |||| 00| 0 eng d
010 ## - LCCN (DPL NO)
LC control number ENG-93839
020 ## - INTERNATIONAL STANDARD BOOK NUMBER
International Standard Book Number 8190272543
Terms of availability 300.00
035 ## - SYSTEM CONTROL NUMBER
System control number EN-77372
037 ## - SOURCE OF ACQUISITION
Source of stock number/acquisition DBAD / PUB
040 ## - CATALOGING SOURCE
Original cataloging agency dpl
Language of cataloging English
082 ## - DEWEY DECIMAL CLASSIFICATION NUMBER
Classification number 807.9
100 ## - MAIN ENTRY--PERSONAL NAME
Personal name Mehta, Shashi
245 ## - TITLE STATEMENT
Title Nobel prize winners:
Statement of responsibility, etc by Shashi Mehta
Remainder of title literature /
260 ## - PUBLICATION, DISTRIBUTION, ETC. (IMPRINT)
Place of publication, distribution, etc Delhi
Name of publisher, distributor, etc Global Publishers
Date of publication, distribution, etc 2009
270 ## - ADDRESS
Address 485-A/3, 2th Floor, Bhola Nath Nagar, Shahdra
City Delhi
Postal code 110032
300 ## - PHYSICAL DESCRIPTION
Extent 192p.:
Dimensions 22cm.(pbk)
Other physical details b&w photos
650 ## - SUBJECT ADDED ENTRY--TOPICAL TERM
Topical term or geographic name as entry element Nobel Prizes
650 ## - SUBJECT ADDED ENTRY--TOPICAL TERM
Topical term or geographic name as entry element Literature
General subdivision Awards
650 ## - SUBJECT ADDED ENTRY--TOPICAL TERM
Topical term or geographic name as entry element Nobel Prize winners
942 ## - ADDED ENTRY ELEMENTS (KOHA)
Source of classification or shelving scheme Dewey Decimal Classification
Item type English Books
Call number suffix MEH
Classification part 807.9
Holdings
Withdrawn status Lost status Source of classification or shelving scheme Damaged status Not for loan Collection code Home library Current library Date acquired Source of acquisition Cost, normal purchase price Total Checkouts Full call number Barcode Date last seen Copy number Cost, replacement price Koha item type
    Dewey Decimal Classification   Not For Loan Non-fiction D.B.Act.Division D.B.Act.Division 03/06/2009 DBAD / PUB 300.00   807.9 MEH EN-77372 03/06/2009 1 300.00 English Books

© Delhi Public Library
Hit Counter
free hit counter